Giáo trình kỹ thuật lắp đặt điện : Sách dùng cho các trường đào tạo hệ Trung học chuyên nghiệp
Giáo trình được xây dựng trên cơ sở thừa kế những nội dung được giảng dạy trong các trường, kết hợp những nội dung mới nhằm đáp ứng yêu cầu nâng cao chất lượng đào tạo, phục vụ sự nghiệp công nghiệp hóa, hiện đại hóa. Sách được...
Salvato in:
| Autore principale: | |
|---|---|
| Natura: | Libro |
| Lingua: | Undetermined |
| Pubblicazione: |
Hà Nội
Giáo dục Việt Nam
2010
|
| Soggetti: | |
| Tags: |
Aggiungi Tag
Nessun Tag, puoi essere il primo ad aggiungerne! !
|
| Thư viện lưu trữ: | Trung tâm Học liệu Trường Đại học Cần Thơ |
|---|
| LEADER | 01463nam a2200229Ia 4500 | ||
|---|---|---|---|
| 001 | CTU_176936 | ||
| 008 | 210402s9999 xx 000 0 und d | ||
| 020 | |c 21500 | ||
| 082 | |a 621.3192 | ||
| 082 | |b Kh103 | ||
| 100 | |a Phan, Đăng Khải | ||
| 245 | 0 | |a Giáo trình kỹ thuật lắp đặt điện : | |
| 245 | 0 | |b Sách dùng cho các trường đào tạo hệ Trung học chuyên nghiệp | |
| 245 | 0 | |c Phan Đăng Khải | |
| 260 | |a Hà Nội | ||
| 260 | |b Giáo dục Việt Nam | ||
| 260 | |c 2010 | ||
| 520 | |a Giáo trình được xây dựng trên cơ sở thừa kế những nội dung được giảng dạy trong các trường, kết hợp những nội dung mới nhằm đáp ứng yêu cầu nâng cao chất lượng đào tạo, phục vụ sự nghiệp công nghiệp hóa, hiện đại hóa. Sách được biên soạn ngắn gọn, dễ hiểu, bổ sung nhiều kiến thức mới và biên soạn theo quan điểm mở - tức là đề cập những nội dung cơ bản, cốt yếu tùy theo tính chất của các ngành nghề đào tạo. | ||
| 650 | |a Electric engineering,Kỹ thuật điện,Electric networks | ||
| 650 | |x Equipment and supplies,Cung cấp trang thiết bị | ||
| 904 | |i Hải | ||
| 980 | |a Trung tâm Học liệu Trường Đại học Cần Thơ | ||